| 000 | 00863nas a2200277 4500 | ||
|---|---|---|---|
| 001 | BR2015006998 | ||
| 003 | BR-BrBNA | ||
| 005 | 20231205130025.0 | ||
| 007 | ta | ||
| 008 | 230509b bl.|||p| |||| 00| 00por d | ||
| 040 |
_aBR-BrBNA _bpor _cBiblioteca Nacional de Agricultura |
||
| 041 | _a(En) | ||
| 072 | _aE50 | ||
| 100 | 1 | _aTouloun, O. | |
| 100 | 1 | _aSlimani, T. | |
| 100 | 1 | _aBoumezzough, A. | |
| 245 | 1 | _aEpidemiological survey of scorpion envenomation in southwestern Morocco | |
| 650 | _aESCORPIAO | ||
| 650 | _aEPIDEMIOLOGIA | ||
| 650 | _aVENENO | ||
| 650 | _aDISTRIBUICAO GEOGRAFICA | ||
| 773 | 0 |
_tJournal of Venomous Animals and Toxins (Brazil) _xISSN 1678-4936 _g(2001), v. 7(2) p. 199-218 _wBR2015006998 |
|
| 856 | 4 | 0 | _uhttp://dx.doi.org/10.1590/S0104-79302001000200006 |
| 909 |
_a202311 _bLúcia _c55 _dLúcia Elande |
||
| 942 |
_2AGRIS _n0 _cANA |
||
| 999 |
_c247491 _d247491 |
||